Todos os campeões da Copa do Brasil - Statistics

Estatísticas Gerais
  • Esse quiz foi jogado 62 vezes
  • A pontuação média é 34 de 36
Estatísticas das Respostas
Ano Campeão % Correto
2023 São Paulo
98%
2009 Corinthians
96%
2002 Corinthians
96%
1995 Corinthians
96%
2024 Flamengo
96%
2022 Flamengo
96%
2013 Flamengo
96%
2006 Flamengo
96%
1990 Flamengo
96%
2007 Fluminense
96%
2020 Palmeiras
96%
2015 Palmeiras
96%
2012 Palmeiras
96%
1998 Palmeiras
96%
2019 Athletico Paranaense
95%
2021 Atlético Mineiro
95%
2014 Atlético Mineiro
95%
2018 Cruzeiro
95%
2017 Cruzeiro
95%
2003 Cruzeiro
95%
2000 Cruzeiro
95%
1996 Cruzeiro
95%
1993 Cruzeiro
95%
2016 Grêmio
95%
2001 Grêmio
95%
1997 Grêmio
95%
1994 Grêmio
95%
1989 Grêmio
95%
1992 Internacional
93%
2011 Vasco da Gama
93%
2010 Santos
91%
2008 Sport
89%
2004 Santo André
85%
2005 Paulista
84%
1991 Criciúma
82%
1999 Juventude
76%
Nenhum quiz correspondente encontrado
Distribuição das Pontuações
Porcentagem de Pessoas com Cada Pontuação
Percentil de Números Respondidos
Sua Pontuação Histórica
Você não jogou esse quiz